Tilastot visalle Suurin P:llä alkava kaupunki

Klikkaa tästä pelataksesi tätä visaa!

Yleistilastot

  • Tätä visaa on pelattu 110 kertaa
  • Keskiarvotulos 12 / 23

Vastaustilastot

MaaP-kaupunki% Oikein
SuomiPori
96%
PortugaliPorto
83%
ItaliaPalermo
80%
ViroPärnu
77%
AustraliaPerth
75%
VenäjäPietari
75%
KambodzaPhnom Penh
72%
HaitiPort-au-Prince
72%
MontenegroPodgorica
70%
Etelä-AfrikkaPretoria
70%
Papua-Uusi-GuineaPort Moresby
59%
YhdysvallatPhiladelphia
57%
MauritiusPort Louis
57%
SurinameParamaribo
54%
PuolaPoznan
46%
MeksikoPuebla
36%
IntiaPune
32%
SaksaPotsdam
30%
IndonesiaPalembang
16%
PakistanPeshawar
16%
UnkariPécs
14%
BulgariaPlovdiv
14%
ChilePuente Alto
0%

Tulosjakauma

Persentiili vastausten määrän mukaan

Jokaisen tuloksen saaneiden osuus

Tuloshistoriasi

Et ole pelannut tätä visaa